Countries With The Heaviest Men - Statistics

General Stats
  • This quiz has been taken 17 times
  • The average score is 28 of 50
Answer Stats
KGs Country % Correct
90.8 United States
100%
87.3 Canada
81%
105.4 Nauru
75%
89.9 Norway
75%
88.6 Sweden
75%
87.6 United Kingdom
75%
89.1 Australia
69%
88.0 Germany
69%
90.5 Iceland
69%
89.2 Ireland
69%
90.3 Netherlands
69%
89.7 New Zealand
69%
89.3 Denmark
63%
94.1 Estonia
63%
88.8 Finland
63%
91.1 Kiribati
63%
92.8 Lithuania
63%
96.6 Palau
63%
89.9 Poland
63%
102.8 Samoa
63%
95.5 Tuvalu
63%
97.2 FS Micronesia
56%
91.9 Latvia
56%
94.9 Qatar
56%
89.0 Saudi Arabia
56%
89.6 Slovakia
56%
89.0 Slovenia
56%
101.3 Tonga
56%
88.4 Bahrain
50%
87.5 Belgium
50%
93.7 Czech Republic
50%
90.2 Fiji
50%
87.5 Greece
50%
88.5 Hungary
50%
92.6 Marshall Islands
50%
91.2 Croatia
44%
95.5 Kuwait
44%
88.7 Serbia
44%
88.6 United Arab Emirates
44%
95.8 Antigua and Barbuda
38%
94.4 Barbados
38%
98.7 Dominica
38%
87.2 Jamaica
38%
87.7 Lebanon
38%
93.0 Montenegro
38%
95.0 Saint Kitts and Nevis
38%
96.2 Bahamas
31%
95.9 Grenada
31%
92.2 Saint Vincent and the Grenadines
31%
97.0 Saint Lucia
25%
No matching quizzes found
Score Distribution
Percent of People with Each Score
Percentile by Number Answered
Your Score History
You have not taken this quiz